| 000 | 00543pab a2200181 454500 | ||
|---|---|---|---|
| 008 | 180718b2011 xxu||||| |||| 00| 0 eng d | ||
| 100 | _aRajaretnam, T. | ||
| 245 | _aThe effect of maternal nutrition and reproductive morbidity on waiting time to next conception in rural Karnataka, India | ||
| 260 | _c2011 | ||
| 300 | _ap.39-63. | ||
| 362 | _aJun | ||
| 650 | _aContraception - India - Karnataka | ||
| 650 | _aWomen - India - Karnataka | ||
| 650 | _aWomen | ||
| 773 | _aAsia-Pacific Population Journal | ||
| 908 | _aN | ||
| 909 | _a97295 | ||
| 999 |
_c97295 _d97295 |
||